| 000 | 00372cam a22001097a 4500 | ||
|---|---|---|---|
| 008 | 180718b1967 xxu||||| |||| 00| 0 eng d | ||
| 082 | _aH222x41 Un3 | ||
| 100 | _aScotland. Sheriff Court | ||
| 245 | _aThe Sheriff Court: report by the Committee appointed by the Secretary of State for Scotland | ||
| 260 |
_aEdinburgh _bHer Majesty's Stationery Office _c1967 |
||
| 300 | _a323+p | ||
| 999 |
_c491129 _d491129 |
||